[Event "Torneo Zonale"]
[Site "Lisbona POR"]
[Date "1993.03.??"]
[Round "1"]
[White "Fernandes, Antonio M."]
[Black "Godena, Michele"]
[Result "0-1"]
[WhiteElo "2455"]
[BlackElo "2485"]
[PlyCount "76"]
[EventDate "1993.03.03"]

1. d4 d5 2. Bg5 Nd7 3. c4 dxc4 4. Na3 e5 5. Bxd8 Bb4+ 6. Qd2 Bxd2+ 7. Kxd2 Kxd8
8. Nf3 exd4 9. Nxd4 Ne5 10. Rc1 Nf6 11. f3 c5 12. Ndb5 Ke7 13. e4 Bd7 14. Bxc4
Nxc4+ 15. Rxc4 Rhd8 16. Ke3 a6 17. Nc3 Rac8 18. e5 Ne8 19. Rh4 Be6 20. Rxh7 b5
21. Nab1 b4 22. Na4 Bxa2 23. Nd2 Be6 24. Rc1 Bf5 25. Rh8 Rd3+ 26. Ke2 Rcd8 27.
Nc4 R3d5 28. Kf2 Bd3 29. Ne3 Rxe5 30. Nxc5 Bb5 31. f4 Rd2+ 32. Ke1 Re2+ 33. Kf1
R5xe3 34. Kg1 Re1+ 35. Rxe1 Rxe1+ 36. Kf2 Re2+ 37. Kf3 Rxb2 38. Nb7 Bc6+ 0-1

[Event "Torneo Zonale"]
[Site "Lisbona POR"]
[Date "1993.03.??"]
[Round "1"]
[White "Galego, Luis"]
[Black "Contin, Daniel"]
[Result "1-0"]
[WhiteElo "2390"]
[BlackElo "2395"]
[PlyCount "73"]
[EventDate "1993.03.03"]

1. e4 e6 2. d4 d5 3. exd5 exd5 4. Qf3 Nc6 5. c3 Nf6 6. Bd3 Bg4 7. Qe3+ Be7 8.
h3 Bh5 9. f4 O-O 10. g4 Re8 11. Ne2 Nxg4 12. hxg4 Bh4+ 13. Rxh4 Qxh4+ 14. Qf2
Qxg4 15. Be3 Re7 16. Na3 Rae8 17. Nc2 Qf3 18. Qxf3 Bxf3 19. Kd2 Nb8 20. Rg1 Nd7
21. Ng3 Re6 22. Bf5 Rd6 23. Ne1 Be4 24. Nh5 Nb6 25. Nxg7 Nc4+ 26. Kc1 Re7 27.
Bxe4 Rxe4 28. Ne8+ Kf8 29. Nxd6 cxd6 30. Bd2 Ke7 31. Nd3 h5 32. b3 Ne3 33. Rh1
Ng4 34. Rxh5 Re2 35. Rh1 Rg2 36. Re1+ Kf6 37. Nb4 1-0

[Event "Torneo Zonale"]
[Site "Lisbona POR"]
[Date "1993.03.??"]
[Round "2"]
[White "Godena, Michele"]
[Black "Galego, Luis"]
[Result "1-0"]
[WhiteElo "2485"]
[BlackElo "2390"]
[PlyCount "67"]
[EventDate "1993.03.03"]

1. e4 c5 2. Nf3 e6 3. c3 d5 4. exd5 Qxd5 5. d4 a6 6. Be3 Nf6 7. Bd3 Nc6 8. O-O
Be7 9. dxc5 Ng4 10. Bc1 Bxc5 11. Qe2 Bd7 12. Nbd2 Ba7 13. Nc4 b5 14. Ne3 Nxe3
15. Bxe3 Qh5 16. Rfd1 Bb8 17. h3 Ne7 18. Be4 Bc6 19. Bg5 Bxe4 20. Qxe4 Ra7 21.
Bxe7 Kxe7 22. Nd4 Rc8 23. Nc6+ Rxc6 24. Qxc6 Qe5 25. g3 h5 26. Qc8 Bd6 27. Rd4
Rc7 28. Qa8 h4 29. Rad1 Rd7 30. Rxh4 Qe2 31. Rhd4 e5 32. Rxd6 Rxd6 33. Qb7+ Ke6
34. Qc8+ 1-0

[Event "Torneo Zonale"]
[Site "Lisbona POR"]
[Date "1993.03.??"]
[Round "3"]
[White "Garcia Paolicchi, Raul"]
[Black "Contin, Daniel"]
[Result "0-1"]
[WhiteElo "2300"]
[BlackElo "2395"]
[PlyCount "112"]
[EventDate "1993.03.03"]

1. d4 e6 2. c4 Nf6 3. Nf3 b6 4. g3 Ba6 5. b3 Bb4+ 6. Bd2 Be7 7. Bg2 d5 8. Ne5
c6 9. O-O O-O 10. Bc3 Bb7 11. Nd2 Na6 12. Bb2 Rc8 13. Rc1 Rc7 14. a3 c5 15.
cxd5 exd5 16. dxc5 bxc5 17. Qc2 Qa8 18. Qf5 Qc8 19. Qxc8 Rfxc8 20. e3 Nb8 21.
Rfd1 Ba6 22. Bh3 Re8 23. Bf1 Bxf1 24. Kxf1 Rb7 25. Nd3 Nfd7 26. Nf4 Nb6 27. Nf3
Nc6 28. Nxd5 Nxd5 29. Rxd5 Rxb3 30. Rc2 Reb8 31. Bc1 Rb1 32. Nd2 Ra1 33. Ke2 a5
34. Rd7 Bf8 35. Rc7 Ne5 36. f4 Ng4 37. h3 Nf6 38. Ra7 Rb5 39. Ra8 Nd7 40. Kd3
c4+ 41. Nxc4 Nc5+ 42. Ke2 Rbb1 43. Bd2 Rh1 44. Nd6 Rh2+ 45. Kf3 Rf1+ 46. Kg4
Nd7 47. Nf5 h5+ 48. Kg5 Rd1 49. Rcc8 Rdxd2 50. Rxf8+ Nxf8 51. Ne7+ Kh7 52. Rxf8
Rxh3 53. Rxf7 Rxg3+ 54. Kf5 Rxe3 55. Ng6 Rd6 56. Ne5 Kh6 0-1

[Event "Torneo Zonale"]
[Site "Lisbona POR"]
[Date "1993.03.??"]
[Round "4"]
[White "Godena, Michele"]
[Black "Garcia Paolicchi, Raul"]
[Result "1/2-1/2"]
[WhiteElo "2485"]
[BlackElo "2300"]
[PlyCount "34"]
[EventDate "1993.03.03"]

1. e4 c5 2. c3 d5 3. exd5 Qxd5 4. d4 Nc6 5. Nf3 Bg4 6. Be2 Nf6 7. h3 Bh5 8. c4
Qd6 9. d5 Bxf3 10. Bxf3 Nd4 11. O-O O-O-O 12. Nc3 e5 13. Be3 Nd7 14. a3 f5 15.
b4 Qf6 16. Be2 Kb8 17. Rb1 Rc8 1/2-1/2

[Event "Torneo Zonale"]
[Site "Lisbona POR"]
[Date "1993.03.??"]
[Round "4"]
[White "Ochoa de Echaguen, Francisco Javier"]
[Black "Contin, Daniel"]
[Result "1-0"]
[WhiteElo "2415"]
[BlackElo "2395"]
[PlyCount "73"]
[EventDate "1993.03.03"]

1. e4 e6 2. d4 d5 3. Nc3 Bb4 4. Nge2 dxe4 5. a3 Bxc3+ 6. Nxc3 Nc6 7. Bf4 Nf6 8.
Bb5 O-O 9. Bxc6 bxc6 10. Bg5 Ba6 11. Qd2 Rb8 12. O-O-O Kh8 13. Bxf6 gxf6 14.
Nxe4 Rg8 15. Nc5 Bc8 16. g3 Qe7 17. f4 Rd8 18. Qe3 Qd6 19. c4 Rb6 20. Qc3 Qe7
21. Rhe1 Kg8 22. g4 Qf8 23. Ne4 Qh6 24. g5 Qxh2 25. Nxf6+ Kf8 26. Rf1 a5 27.
Rd2 Qh4 28. Rd3 Qh2 29. Rd2 Qh4 30. Qxa5 Ba6 31. Qc3 Ke7 32. Rg2 h6 33. Ne4
hxg5 34. Nxg5 Rdb8 35. b4 Rg8 36. Re2 f6 37. Nxe6 1-0

[Event "Torneo Zonale"]
[Site "Lisbona POR"]
[Date "1993.03.??"]
[Round "4"]
[White "Santos, Antonio P."]
[Black "Arlandi, Ennio"]
[Result "1/2-1/2"]
[WhiteElo "2285"]
[BlackElo "2460"]
[PlyCount "61"]
[EventDate "1993.03.03"]

1. d4 d5 2. c4 e6 3. Nc3 Be7 4. Nf3 Nf6 5. Bg5 O-O 6. e3 h6 7. Bh4 b6 8. Qc2
Bb7 9. Bxf6 Bxf6 10. cxd5 exd5 11. O-O-O Nc6 12. g4 g6 13. a3 Bg7 14. Bg2 Rc8
15. h4 a6 16. Kb1 Qd6 17. g5 h5 18. Ne5 Nxe5 19. dxe5 Qxe5 20. Bxd5 c6 21. Bb3
Rfd8 22. Qxg6 Qe7 23. Qxh5 c5 24. Rhg1 Be4+ 25. Nxe4 Qxe4+ 26. Bc2 Qe5 27. Bh7+
Kh8 28. Bf5+ Kg8 29. Bh7+ Kh8 30. Bf5+ Kg8 31. Bh7+ 1/2-1/2

[Event "Torneo Zonale"]
[Site "Lisbona POR"]
[Date "1993.03.??"]
[Round "5"]
[White "Arlandi, Ennio"]
[Black "Silva, Fernando"]
[Result "1/2-1/2"]
[WhiteElo "2460"]
[BlackElo "2335"]
[PlyCount "63"]
[EventDate "1993.03.03"]

1. d4 Nf6 2. c4 c5 3. d5 g6 4. Nc3 Bg7 5. e4 d6 6. h3 O-O 7. Nf3 e6 8. Bd3 Re8
9. O-O Na6 10. Re1 Nc7 11. a4 a6 12. a5 Rb8 13. Bd2 exd5 14. exd5 Rxe1+ 15.
Qxe1 Qf8 16. Rb1 b5 17. axb6 Rxb6 18. Nd1 Rb7 19. Ba5 Nd7 20. b4 cxb4 21. Rxb4
Rxb4 22. Qxb4 Ne8 23. Qe1 Nc5 24. Bc2 Nf6 25. Nc3 Nfd7 26. Na4 Nxa4 27. Bxa4
Nc5 28. Bc2 Bd7 29. Nd2 Bd4 30. Nb3 Nxb3 31. Bxb3 Qe8 32. Qxe8+ 1/2-1/2

[Event "Torneo Zonale"]
[Site "Lisbona POR"]
[Date "1993.03.??"]
[Round "5"]
[White "Contin, Daniel"]
[Black "Godena, Michele"]
[Result "1-0"]
[WhiteElo "2395"]
[BlackElo "2485"]
[PlyCount "83"]
[EventDate "1993.03.03"]

1. c4 Nf6 2. Nc3 c6 3. e4 e5 4. Nf3 d6 5. d4 Nbd7 6. h3 Be7 7. g3 O-O 8. Bg2 b5
9. cxb5 cxb5 10. O-O Bb7 11. Re1 b4 12. dxe5 dxe5 13. Nd5 Nxd5 14. exd5 Bd6 15.
Nd2 Nb6 16. Ne4 Bxd5 17. Qh5 g6 18. Qh6 f5 19. Bg5 Be7 20. Qh4 Nc8 21. Bxe7
Nxe7 22. Ng5 h5 23. Rxe5 Bxg2 24. Kxg2 Nc6 25. Qc4+ Kh8 26. Qxc6 Qxg5 27. h4
Qf6 28. Re6 Qxb2 29. Rxg6 Qxa1 30. Qf3 Qg7 31. Qxh5+ Kg8 32. Qg5 Qxg6 33. Qxg6+
Kh8 34. h5 a5 35. h6 Ra7 36. Qd6 Rff7 37. Kh3 Kh7 38. Kh4 Rfb7 39. Kg5 a4 40.
Qg6+ Kh8 41. Qf6+ Kg8 42. Kg6 1-0

[Event "Torneo Zonale"]
[Site "Lisbona POR"]
[Date "1993.03.??"]
[Round "6"]
[White "Gomez Esteban, Juan Mario"]
[Black "Arlandi, Ennio"]
[Result "1-0"]
[WhiteElo "2410"]
[BlackElo "2460"]
[PlyCount "87"]
[EventDate "1993.03.03"]

1. d4 d5 2. c4 e6 3. Nc3 Be7 4. Bf4 Nf6 5. e3 O-O 6. Nf3 c5 7. dxc5 Bxc5 8.
cxd5 Nxd5 9. Nxd5 exd5 10. Bd3 Bb4+ 11. Ke2 Nc6 12. Qc2 h6 13. Rhd1 Be6 14. Kf1
Rc8 15. Qa4 Bd6 16. a3 Bxf4 17. Qxf4 Qc7 18. Qxc7 Rxc7 19. Rac1 Rfc8 20. Rc3
Na5 21. Rxc7 Rxc7 22. Nd4 a6 23. Ke2 Bg4+ 24. f3 Bd7 25. Kd2 Kf8 26. Rc1 Rxc1
27. Kxc1 Ke7 28. Kd2 Nc6 29. Nxc6+ Bxc6 30. b4 Kd6 31. Kc3 Bd7 32. Kd4 Bc8 33.
a4 Bd7 34. a5 f6 35. Bc2 Be8 36. Bb3 Bc6 37. h4 g5 38. g3 f5 39. hxg5 hxg5 40.
f4 gxf4 41. gxf4 b6 42. axb6 Bb7 43. Bc2 Bc8 44. Bd3 1-0

[Event "Torneo Zonale"]
[Site "Lisbona POR"]
[Date "1993.03.??"]
[Round "6"]
[White "Santos, Antonio P."]
[Black "Contin, Daniel"]
[Result "0-1"]
[WhiteElo "2285"]
[BlackElo "2395"]
[PlyCount "58"]
[EventDate "1993.03.03"]

1. d4 Nf6 2. Nf3 b6 3. g3 c5 4. d5 e6 5. c4 Ba6 6. Nfd2 exd5 7. Bg2 Nc6 8. cxd5
Nd4 9. Nc3 b5 10. a3 Qb6 11. O-O b4 12. axb4 cxb4 13. Rxa6 Qxa6 14. Nde4 Nxe4
15. Qxd4 Nxc3 16. bxc3 b3 17. Qe5+ Kd8 18. d6 f6 19. Qd4 Rb8 20. Bf4 Qb6 21.
Qa4 a5 22. Rd1 Qb5 23. Qd4 b2 24. Be4 a4 25. c4 Qb3 26. Kg2 a3 27. Qa7 a2 28.
Qc7+ Ke8 29. Bf5 Qb7+ 0-1

[Event "Torneo Zonale"]
[Site "Lisbona POR"]
[Date "1993.03.??"]
[Round "7"]
[White "Contin, Daniel"]
[Black "Silva, Fernando"]
[Result "0-1"]
[WhiteElo "2395"]
[BlackElo "2335"]
[PlyCount "70"]
[EventDate "1993.03.03"]

1. c4 g6 2. g3 Bg7 3. Bg2 c5 4. Nc3 Nc6 5. e3 e6 6. Nge2 Nge7 7. Nf4 a6 8. d3
Rb8 9. Qd2 b5 10. O-O O-O 11. Rd1 d6 12. Qe1 b4 13. Nce2 e5 14. Nd5 Nxd5 15.
cxd5 Ne7 16. e4 f5 17. b3 h6 18. h4 f4 19. gxf4 exf4 20. Bxf4 g5 21. hxg5 Ng6
22. Be3 Bxa1 23. Rxa1 hxg5 24. f3 Nf4 25. Nxf4 gxf4 26. Bxf4 Rb7 27. Bh6 Rff7
28. f4 Qf6 29. Bg5 Qd4+ 30. Kf1 Rg7 31. Ke2 Qb2+ 32. Kf3 Rxg5 33. fxg5 Rf7+ 34.
Ke3 Qd4+ 35. Kd2 Rf2+ 0-1

[Event "Torneo Zonale"]
[Site "Lisbona POR"]
[Date "1993.03.??"]
[Round "7"]
[White "Godena, Michele"]
[Black "Santos, Antonio P."]
[Result "1-0"]
[WhiteElo "2485"]
[BlackElo "2285"]
[PlyCount "72"]
[EventDate "1993.03.03"]

1. e4 e6 2. d4 d5 3. Nd2 Nf6 4. e5 Nfd7 5. Bd3 c5 6. c3 Nc6 7. Ne2 Qb6 8. Nf3
cxd4 9. cxd4 f6 10. exf6 Nxf6 11. O-O Bd6 12. Bd2 O-O 13. Bc3 Bd7 14. Ng3 Bf4
15. Ne2 Bh6 16. Ne5 Be8 17. Kh1 Nh5 18. Ng4 Bg5 19. g3 Nf6 20. h3 Bh5 21. f4
Bxg4 22. hxg4 Nxg4 23. fxg5 Ne3 24. Rxf8+ Rxf8 25. Qd2 Rf3 26. Ng1 Rxg3 27. Qh2
Rxg5 28. Bxh7+ Kf7 29. Qf4+ Rf5 30. Bxf5 Nxf5 31. Nf3 Qd8 32. Rg1 Qh8+ 33. Qh2
Qd8 34. Qh5+ Ke7 35. Qg5+ Kd6 36. Bb4+ Kc7 1-0

[Event "Torneo Zonale"]
[Site "Lisbona POR"]
[Date "1993.03.??"]
[Round "8"]
[White "Gomez Esteban, Juan Mario"]
[Black "Contin, Daniel"]
[Result "0-1"]
[WhiteElo "2410"]
[BlackElo "2395"]
[PlyCount "66"]
[EventDate "1993.03.03"]

1. d4 Nf6 2. c4 e6 3. Nc3 Bb4 4. Qc2 O-O 5. a3 Bxc3+ 6. Qxc3 b6 7. Bg5 Bb7 8.
f3 c5 9. e4 cxd4 10. Qxd4 Nc6 11. Qe3 h6 12. Bf4 d5 13. exd5 exd5 14. O-O-O Re8
15. Qf2 Rc8 16. Kb1 Qd7 17. Bd3 Na5 18. Ne2 Ba6 19. Nd4 Bxc4 20. Bf5 Qa4 21.
Bc2 Bb3 22. Nxb3 Qxf4 23. Nxa5 bxa5 24. Rd4 Qe5 25. h4 Rb8 26. Rhd1 Rec8 27. g4
Rb6 28. Re1 Qd6 29. g5 Qxa3 30. Bf5 Rcb8 31. Re2 hxg5 32. hxg5 Nh5 33. Rh4 g6
0-1

[Event "Torneo Zonale"]
[Site "Lisbona POR"]
[Date "1993.03.??"]
[Round "8"]
[White "Silva, Fernando"]
[Black "Godena, Michele"]
[Result "0-1"]
[WhiteElo "2335"]
[BlackElo "2485"]
[PlyCount "74"]
[EventDate "1993.03.03"]

1. g3 Nf6 2. Bg2 d5 3. d3 e5 4. Nf3 Nc6 5. O-O Be7 6. c4 O-O 7. cxd5 Nxd5 8.
Nc3 Nb6 9. a4 a5 10. Nb5 Be6 11. d4 e4 12. Ne5 Nxe5 13. dxe5 c6 14. Nd4 Bd5 15.
Nf5 Re8 16. Qc2 Bf8 17. Bxe4 Rxe5 18. Bxd5 Qxd5 19. Be3 Qc4 20. Rfc1 Qxc2 21.
Rxc2 Nd5 22. g4 Rae8 23. Kf1 Rxf5 24. gxf5 Rxe3 25. Rd1 Re4 26. b3 Rf4 27. Kg2
g6 28. fxg6 hxg6 29. e3 Rb4 30. Rd3 Rg4+ 31. Kf3 Rh4 32. Kg3 g5 33. Rc4 Bd6+
34. f4 Rh6 35. Re4 gxf4+ 36. exf4 Rf6 37. Kg4 Rg6+ 0-1

[Event "Torneo Zonale"]
[Site "Lisbona POR"]
[Date "1993.03.??"]
[Round "9"]
[White "Arlandi, Ennio"]
[Black "Fernandes, Antonio M."]
[Result "1-0"]
[WhiteElo "2460"]
[BlackElo "2455"]
[PlyCount "49"]
[EventDate "1993.03.03"]

1. d4 Nf6 2. c4 e6 3. Nc3 Bb4 4. Qc2 b6 5. e4 Bb7 6. Bd3 c5 7. d5 exd5 8. exd5
Bxc3+ 9. Qxc3 O-O 10. Ne2 d6 11. O-O b5 12. b3 Re8 13. Ng3 Nbd7 14. Bb2 b4 15.
Qd2 Qe7 16. Nf5 Qf8 17. Qg5 Ne5 18. f4 Ned7 19. Rf3 Re4 20. Rg3 Rd4 21. Nxd4
cxd4 22. Bxd4 Kh8 23. Bf5 h6 24. Rh3 Nh7 25. Qxh6 1-0

[Event "Torneo Zonale"]
[Site "Lisbona POR"]
[Date "1993.03.??"]
[Round "9"]
[White "Godena, Michele"]
[Black "Gomez Esteban, Juan Mario"]
[Result "1-0"]
[WhiteElo "2485"]
[BlackElo "2410"]
[PlyCount "83"]
[EventDate "1993.03.03"]

1. e4 c5 2. Nf3 d6 3. d4 cxd4 4. Qxd4 a6 5. c4 Nc6 6. Qd1 g6 7. Be2 Bg7 8. O-O
Nf6 9. Nc3 O-O 10. h3 Nd7 11. Be3 Nc5 12. Nd4 Nxd4 13. Bxd4 Bxd4 14. Qxd4 e5
15. Qe3 Ne6 16. Rfd1 Nd4 17. Rd2 Be6 18. Rad1 Rc8 19. b3 b5 20. Bg4 bxc4 21.
Bxe6 fxe6 22. Ne2 cxb3 23. Nxd4 exd4 24. Qxd4 bxa2 25. Rxa2 Rc6 26. Rda1 Qc8
27. Kh2 h5 28. Rb2 Kh7 29. Rab1 e5 30. Rb7+ Rc7 31. Qd5 Rff7 32. Qxf7+ Rxf7 33.
Rxf7+ Kh6 34. h4 Qg4 35. g3 Qc8 36. Rbb7 Qg8 37. f3 a5 38. Kh3 Qc8+ 39. Rbd7
Qh8 40. g4 hxg4+ 41. fxg4 g5 42. Rxd6+ 1-0

[Event "Torneo Zonale"]
[Site "Lisbona POR"]
[Date "1993.03.??"]
[Round "10"]
[White "Damaso Pereira De Almeida, Rui Miguel"]
[Black "Contin, Daniel"]
[Result "1-0"]
[WhiteElo "2435"]
[BlackElo "2395"]
[PlyCount "57"]
[EventDate "1993.03.03"]

1. e4 e6 2. d4 d5 3. Nc3 Bb4 4. e5 Qd7 5. Bd2 b6 6. Bb5 c6 7. Ba4 Bf8 8. Nce2
b5 9. Bb3 c5 10. c3 Nc6 11. Nh3 Nge7 12. O-O Bb7 13. a4 a6 14. Be3 c4 15. axb5
axb5 16. Rxa8+ Bxa8 17. Bc2 b4 18. b3 Qb7 19. Nhf4 Nc8 20. bxc4 dxc4 21. d5
exd5 22. Ba4 Be7 23. Nd4 N8a7 24. Nxd5 Kf8 25. Nf5 g5 26. Ndxe7 Nd4 27. f3 Nxf5
28. Qd8+ Kg7 29. Nxf5+ 1-0

[Event "Torneo Zonale"]
[Site "Lisbona POR"]
[Date "1993.03.??"]
[Round "10"]
[White "Illescas Cordoba, Miguel"]
[Black "Godena, Michele"]
[Result "1/2-1/2"]
[WhiteElo "2615"]
[BlackElo "2485"]
[PlyCount "150"]
[EventDate "1993.03.03"]

1. c4 e5 2. Nc3 Nc6 3. Nf3 g6 4. d4 exd4 5. Nxd4 Bg7 6. Nxc6 bxc6 7. g3 Ne7 8.
Bg2 O-O 9. O-O d6 10. Qc2 Bf5 11. e4 Be6 12. c5 Qb8 13. cxd6 cxd6 14. Bf4 Rd8
15. Rad1 Qb4 16. Bd2 Qc4 17. b3 Qc5 18. Rc1 Rac8 19. Ne2 Qxc2 20. Rxc2 c5 21.
Bg5 Kf8 22. Rd1 h6 23. Bf4 c4 24. bxc4 Rxc4 25. Rcd2 Nc8 26. h4 Ra4 27. e5 Rxa2
28. Rxa2 Bxa2 29. exd6 g5 30. hxg5 hxg5 31. Bxg5 Rxd6 32. Rc1 Nb6 33. Nc3 Bb3
34. Nb5 Rg6 35. Be3 a6 36. Nd4 Ba4 37. Nf5 Bb2 38. Rb1 Nc4 39. Bc5+ Ke8 40. Bd5
Bc2 41. Re1+ Kd7 42. Re7+ Kd8 43. Rxf7 Nb6 44. Bf3 Nd7 45. Bh5 Re6 46. Be3 Rf6
47. Nd4 Rxf7 48. Bxf7 Be4 49. f4 a5 50. Bb3 Ke7 51. Nb5 Bc6 52. Na7 Bb7 53. Kh2
Ba3 54. Nb5 Bc5 55. Nd4 Bb4 56. Nc2 Bc5 57. Bd2 Bb6 58. Ne3 Nc5 59. Bd5 Ba6 60.
Bc4 Bb7 61. Nd5+ Bxd5 62. Bxd5 Kd6 63. Bg8 Ne4 64. Be1 Bf2 65. Bxf2 Nxf2 66.
Kg2 Nd3 67. Kf3 a4 68. Ke4 Nc1 69. f5 a3 70. f6 Kd7 71. g4 a2 72. Bxa2 Nxa2 73.
Kf5 Ke8 74. g5 Nb4 75. Ke6 Nd3 1/2-1/2

[Event "Torneo Zonale"]
[Site "Lisbona POR"]
[Date "1993.03.??"]
[Round "11"]
[White "Arlandi, Ennio"]
[Black "Ochoa de Echaguen, Francisco Javier"]
[Result "1-0"]
[WhiteElo "2460"]
[BlackElo "2415"]
[PlyCount "35"]
[EventDate "1993.03.03"]

1. d4 f5 2. g3 Nf6 3. Bg2 d6 4. c3 c6 5. Nd2 e5 6. dxe5 dxe5 7. e4 Bc5 8. Qe2
Qe7 9. Ngf3 O-O 10. O-O f4 11. Nc4 fxg3 12. hxg3 Bg4 13. Ncxe5 Qxe5 14. Qc4+
Be6 15. Nxe5 Bxc4 16. Nxc4 Ng4 17. Bh3 Rxf2 18. Bxg4 1-0

[Event "Torneo Zonale"]
[Site "Lisbona POR"]
[Date "1993.03.??"]
[Round "11"]
[White "Godena, Michele"]
[Black "Damaso Pereira De Almeida, Rui Miguel"]
[Result "1-0"]
[WhiteElo "2485"]
[BlackElo "2435"]
[PlyCount "55"]
[EventDate "1993.03.03"]

1. e4 d5 2. exd5 Nf6 3. Nf3 Qxd5 4. Nc3 Qh5 5. Be2 Bg4 6. O-O Nc6 7. h3 O-O-O
8. hxg4 Nxg4 9. d3 e5 10. Ne4 Nd4 11. Re1 f5 12. Ng3 Nxf3+ 13. Bxf3 Qh2+ 14.
Kf1 Nxf2 15. Qe2 Bc5 16. Qxe5 Nxd3 17. Qxf5+ Kb8 18. cxd3 Qg1+ 19. Ke2 Rhe8+
20. Be4 Qxg2+ 21. Kd1 Qxg3 22. Bf4 Rxd3+ 23. Kc2 Qf2+ 24. Kxd3 Rd8+ 25. Bd5 Qg2
26. Re8 Qf3+ 27. Kc4 b5+ 28. Kxb5 1-0